<?xml version="1.0" encoding="UTF-8"?>
<marc:record xmlns:marc="http://www.loc.gov/MARC21/slim">
   <marc:leader>00000nam a2200000 a 4500</marc:leader>
   <marc:datafield ind1="1" ind2=" " tag="100">
      <marc:subfield code="a">Gruber, Denitza</marc:subfield>
      <marc:subfield code="4">aut</marc:subfield>
      <marc:subfield code="e">Verfasser/-in</marc:subfield>
   </marc:datafield>
   <marc:datafield ind1="0" ind2="0" tag="245">
      <marc:subfield code="a">Mein erstes Sachen suchen - beim Einkaufen</marc:subfield>
   </marc:datafield>
   <marc:datafield ind1=" " ind2="1" tag="264">
      <marc:subfield code="b">Ravensburger</marc:subfield>
      <marc:subfield code="c">2021</marc:subfield>
   </marc:datafield>
   <marc:datafield ind1="1" ind2=" " tag="520">
      <marc:subfield code="a">Komm mit zum Einkaufen! Das macht allen Kindern Spaß: Ob in der Bäckerei, im Schuhgeschäft, im Supermarkt, in der Apotheke oder sogar im Hofladen auf dem Bauernhof, zusammen mit den Erwachsenen einkaufen ist spannend und hilft die Welt der Großen zu entdecken. Und das Erlebte wird zu Hause am Kaufladen nachgespielt. Extra dicke Pappseiten machen das Buch stabil und langlebig.</marc:subfield>
   </marc:datafield>
   <marc:datafield ind1=" " ind2=" " tag="020">
      <marc:subfield code="a">9783473438938</marc:subfield>
      <marc:subfield code="9">9783473438938</marc:subfield>
   </marc:datafield>
</marc:record>
